000 00554nam a22001937a 4500
999 _c21103
_d21103
003 AR-CdUCM
008 190306b ||||| |||| 00| 0 spa d
040 _aMUNICIPALIDAD PROVINCIAL DEL CUSCO
_cBIBLIOTECA MUNICIPAL DEL CUSCO
082 _a868.56 /
_bP44
100 _aPérez Galdós, Benito
_91429
245 _aTrafalgar /
260 _aEspaña :
_bSalvat,
_c1970.
300 _a185 páginas ;
_c18 cm.
440 _aLibro RTV
_n22
_910825
650 _aNovelas españolas
_943983
650 _aSiglo XIX
_9971
942 _2ddc
_cLIBROS
945 _aafb